000 00553nam a2200205Ia 4500
005 20250425162610.0
008 250425s9999 xx 000 0 und d
020 _a9781935589679
041 _aeng
082 _a658.404
110 _aPROJECT MANAGEMENT INSTITUTE
245 0 _aA GUIDE TO THE PROJECT MANAGEMENT BODY OF KNOWLEDGE (PMBOK GUIDE)
250 _a5TH ED.
260 _aEstados Unidos
_bPROJECT MANAGEMENT INSTITUTE
_c2013
260 _aNEWTOWN
300 _a589
650 _aGESTION DE PROYECTOS
942 _c01
010 _a88564
999 _c232530
_d232530